<?xml version="1.0" encoding="UTF-8"?>
<record
    xmlns:xsi="http://www.w3.org/2001/XMLSchema-instance"
    xsi:schemaLocation="http://www.loc.gov/MARC21/slim http://www.loc.gov/standards/marcxml/schema/MARC21slim.xsd"
    xmlns="http://www.loc.gov/MARC21/slim">

  <leader>03377cam a22003615a 4500</leader>
  <controlfield tag="001">18464012</controlfield>
  <controlfield tag="005">20161020130134.0</controlfield>
  <controlfield tag="008">150126s2015    enka   frbd   001 0 eng d</controlfield>
  <datafield tag="010" ind1=" " ind2=" ">
    <subfield code="a">  2015001988</subfield>
  </datafield>
  <datafield tag="020" ind1=" " ind2=" ">
    <subfield code="a">9781118793282 (hardback)</subfield>
  </datafield>
  <datafield tag="020" ind1=" " ind2=" ">
    <subfield code="a">1118793285 (hardback)</subfield>
  </datafield>
  <datafield tag="040" ind1=" " ind2=" ">
    <subfield code="a">DLC</subfield>
    <subfield code="b">eng</subfield>
    <subfield code="c">DLC</subfield>
    <subfield code="d">EG-ScBUE</subfield>
  </datafield>
  <datafield tag="042" ind1=" " ind2=" ">
    <subfield code="a">pcc</subfield>
  </datafield>
  <datafield tag="082" ind1="0" ind2="4">
    <subfield code="2">23</subfield>
    <subfield code="a">332.6453</subfield>
    <subfield code="b">JAM</subfield>
  </datafield>
  <datafield tag="100" ind1="1" ind2=" ">
    <subfield code="a">James, Jessica,&#x200F;</subfield>
    <subfield code="d">1968-&#x200F; </subfield>
    <subfield code="9">41586</subfield>
  </datafield>
  <datafield tag="245" ind1="1" ind2="0">
    <subfield code="a">FX option performance :</subfield>
    <subfield code="b">an analysis of the value delivered by FX options since the start of the market /</subfield>
    <subfield code="c">Jessica James, Jonathan Fullwood, Peter Billington.</subfield>
  </datafield>
  <datafield tag="260" ind1=" " ind2=" ">
    <subfield code="a">Chichester, West Sussex :</subfield>
    <subfield code="b">John Wiley &amp; Sons Ltd,</subfield>
    <subfield code="c">2015.</subfield>
  </datafield>
  <datafield tag="300" ind1=" " ind2=" ">
    <subfield code="a">xi, 252 p. :</subfield>
    <subfield code="b">ill. ;</subfield>
    <subfield code="c">24 cm.</subfield>
  </datafield>
  <datafield tag="490" ind1=" " ind2="0">
    <subfield code="a">The wiley finance series</subfield>
  </datafield>
  <datafield tag="500" ind1=" " ind2=" ">
    <subfield code="a">Index : p. 247-252.</subfield>
  </datafield>
  <datafield tag="500" ind1=" " ind2=" ">
    <subfield code="a">Glossary : p. 241-246.</subfield>
  </datafield>
  <datafield tag="504" ind1=" " ind2=" ">
    <subfield code="a">Includes bibliographical references.</subfield>
  </datafield>
  <datafield tag="520" ind1=" " ind2=" ">
    <subfield code="a">"Get the little known - yet crucial - facts about FX optionsDaily turnover in FX options is an estimated U.S. $ 207 billion, but many fundamental facts about this huge and liquid market are generally unknown. FX Option Performance provides the information practitioners need to be more effective in the market, with detailed, specific guidance.This book is a unique and practical guide to option trading, with the courage to report how much these contracts have really made or lost. Breaking free from the typical focus on theories and generalities, this book gets specific - travelling back in history to show exactly how options performed in different markets and thereby helping investors and hedgers alike make more informed decisions. Not overly technical, the rigorous approach remains accessible to anyone with an interest in the area, showing investors where to look for value and helping corporations hedge their FX exposures. FX Option Performance begins with a quick and practical introduction to the FX option market, then provides specific advice toward structures, performance, rate fluctuation, and trading strategies. The ancillary website supplies additional information, pointing readers toward the tools that allow them to recreate some of the strategies themselves.  Examine the historical payoffs to the most popular and liquidly traded options  Learn which options are overvalued and which are undervalued  Discover surprising, generally unpublished facts about emerging markets  Examine systemic option trading strategies to find what works and what doesn't  On average, do options result in profit, loss, or breaking even? How can corporations more cost-effectively hedge their exposure to emerging markets? Are cheap out-of-the-money options worth it? This book provides concrete answers to these questions and more, showing how general consensus runs counter to the actual numbers. For the interested investor, FX Option Performance is a valuable guide"--</subfield>
  </datafield>
  <datafield tag="590" ind1=" " ind2=" ">
    <subfield code="a">Wessam</subfield>
  </datafield>
  <datafield tag="650" ind1=" " ind2="1">
    <subfield code="a">Options (Finance).</subfield>
    <subfield code="2">BUEsh</subfield>
    <subfield code="9">34937</subfield>
  </datafield>
  <datafield tag="651" ind1=" " ind2=" ">
    <subfield code="2">BUEsh</subfield>
  </datafield>
  <datafield tag="653" ind1=" " ind2=" ">
    <subfield code="b">BUSADM</subfield>
    <subfield code="c">October2016</subfield>
  </datafield>
  <datafield tag="700" ind1="1" ind2=" ">
    <subfield code="a">Fullwood, Jonathan,&#x200F;</subfield>
    <subfield code="d">1976-&#x200F; </subfield>
    <subfield code="9">41584</subfield>
  </datafield>
  <datafield tag="700" ind1="1" ind2=" ">
    <subfield code="a">Billington, Peter,</subfield>
    <subfield code="d">1948-</subfield>
    <subfield code="9">41585</subfield>
  </datafield>
  <datafield tag="776" ind1="0" ind2="8">
    <subfield code="i">Online version:</subfield>
    <subfield code="a">James, Jessica, 1968-</subfield>
    <subfield code="t">FX option performance</subfield>
    <subfield code="d">Hoboken : Wiley, 2015</subfield>
    <subfield code="z">9781118793268</subfield>
    <subfield code="w">(DLC) 2015003801</subfield>
  </datafield>
  <datafield tag="856" ind1="4" ind2="2">
    <subfield code="3">Cover image</subfield>
    <subfield code="u">http://catalogimages.wiley.com/images/db/jimages/9781118793282.jpg</subfield>
  </datafield>
  <datafield tag="942" ind1=" " ind2=" ">
    <subfield code="2">ddc</subfield>
    <subfield code="e">22</subfield>
    <subfield code="k">332.6453 JAM</subfield>
  </datafield>
  <datafield tag="999" ind1=" " ind2=" ">
    <subfield code="c">22744</subfield>
    <subfield code="d">22716</subfield>
  </datafield>
  <datafield tag="952" ind1=" " ind2=" ">
    <subfield code="0">0</subfield>
    <subfield code="1">0</subfield>
    <subfield code="2">ddc</subfield>
    <subfield code="4">0</subfield>
    <subfield code="7">0</subfield>
    <subfield code="8">Academic</subfield>
    <subfield code="a">MAIN</subfield>
    <subfield code="b">MAIN</subfield>
    <subfield code="c">1ST</subfield>
    <subfield code="d">2016-10-20</subfield>
    <subfield code="e">Purchase</subfield>
    <subfield code="g">840.00</subfield>
    <subfield code="h">9154</subfield>
    <subfield code="l">0</subfield>
    <subfield code="o">332.6453 JAM</subfield>
    <subfield code="p">000033953</subfield>
    <subfield code="r">2025-07-15 00:00:00</subfield>
    <subfield code="v">1050.00</subfield>
    <subfield code="y">BB</subfield>
  </datafield>
</record>
